Guardians of the Galaxy Vol. 2 (2017): Characters by Picture - Statistics

General Stats
  • This quiz has been taken 50 times
  • The average score is 13 of 20
Answer Stats
Picture Answer % Correct
Baby Groot
100%
Drax the Destroyer
100%
Rocket Raccoon
100%
Star-Lord
100%
Gamora
98%
Mantis
98%
Nebula
98%
Yondu Udonta
95%
Ego the Living Planet
89%
Howard the Duck
84%
Stan Lee
84%
Taserface
68%
Kraglin Obfonteri
66%
Ayesha
34%
Stakar Ogord
20%
Aleta Ogord
14%
Charlie-27
11%
Mainframe
11%
Martinex
11%
Krugarr
9%
No matching quizzes found
Score Distribution
Percent of People with Each Score
Percentile by Number Answered
Your Score History
You have not taken this quiz